Normal view
MARC view
- الجواسيس-لبنان
Entry Topical Term
001 - CONTROL NUMBER
- control field: 15395
003 - CONTROL NUMBER IDENTIFIER
- control field: JO-AjAnu
005 - DATE AND TIME OF LATEST TRANSACTION
- control field: 20230606072745.0
008 - FIXED-LENGTH DATA ELEMENTS
- fixed length control field: 230606|| aca||aabn | a|a d
040 ## - CATALOGING SOURCE
- Original cataloging agency: JO-AjAnu
- Transcribing agency: JO-AjAnu
150 ## - HEADING--TOPICAL TERM
- Topical term or geographic name entry element: الجواسيس-لبنان
670 ## - SOURCE DATA FOUND
- Source citation: Work cat.: (JO-AjAnu)7905: الفالوجي، فريد, author 15394, احمد الحلاق اول جاسوس اعدام لبنان